| 000 | 01064nam a2200229Ia 4500 | ||
|---|---|---|---|
| 003 | Ost | ||
| 005 | 20260507075526.0 | ||
| 008 | 260507s9999||||xx |||||||||||||| ||und|| | ||
| 040 | _cfsecg | ||
| 041 | _aara | ||
| 082 | _a332.6 | ||
| 100 |
_aسالم، احمد جبر _eمؤلف |
||
| 245 | 0 |
_aالاستثمار في البنية التحتية ومصادر التمويل / _c احمد جبر سالم |
|
| 260 |
_aعمان: _bدار الأيام للنشر والتوزيع, _c2017 |
||
| 300 |
_a238 صفحة؛ _bإيضاحات ؛ _c25 سم |
||
| 504 | _aببليوغرافيا:ص221 | ||
| 520 | _aالاستثمار والبيئة التحتية ومصادر التمويل -واقع الاستثمار في البيئة التحتية في العراق واهم التحديات التى تواجهه -متطلبات تطوير قطاعات البنية التحتية في العراق. | ||
| 653 | _aالاستثمار-العراق | ||
| 653 | _aالتمويل | ||
| 700 |
_aمحمد، احمد جاسم _eمؤلف ثانوي |
||
| 942 | _cكتاب | ||
| 999 |
_c44795 _d44795 |
||